|
|
|
|
| LEADER |
00765nam a22002292a 4500 |
| 001 |
001242305 |
| 003 |
CZ BrMZK |
| 005 |
20120824103538.0 |
| 007 |
ta |
| 008 |
120824s1974 xo er 000 0 slo d |
| 040 |
|
|
|a BOA001
|b cze
|
| 041 |
1 |
|
|a slo
|h fre
|
| 100 |
1 |
|
|a Lanoux, Armand,
|d 1913-1983
|7 xx0002741
|4 aut
|
| 245 |
1 |
0 |
|a Keď nastáva odliv /
|c Armand Lanoux ; z francúzskeho originálu ... preložila Lea Škanderová ; verše prebásnil Miroslav Neman
|
| 250 |
|
|
|a 1. vyd.
|
| 260 |
|
|
|a Bratislava :
|b Pravda,
|c 1974
|
| 300 |
|
|
|a 286 s.
|
| 765 |
0 |
|
|t Quand la mer se retire
|9 Slovensky
|
| 910 |
|
|
|a BOA001
|b 2-0729.648
|
| 990 |
|
|
|a BK
|
| 991 |
|
|
|b 201208
|
| 996 |
7 |
|
|b 2619647578
|c 2-0729.648
|l Sklad H1
|r Sklad / do 24 hodin
|n 0
|h HS212
|w 001276338
|u 000010
|a 1
|e BOA001
|j MZK50
|s A
|